| 000 | 00343cam a22001217a 4500 | ||
|---|---|---|---|
| 008 | 180718b1984 xxu||||| |||| 00| 0 eng d | ||
| 082 | _aL2x54 F317 | ||
| 245 | _aOptimum taxation | ||
| 260 |
_aNew Delhi _bThe Institution _c1984 |
||
| 300 | _a21p. | ||
| 650 | _aTaxation - India | ||
| 700 | _aFederation of Indian Chambers of Commerce and Industry | ||
| 999 |
_c476899 _d476899 |
||